WOMEN,GENDER, AND CHRISTIAN COMMUNITY (Record no. 6951)
[ view plain ]
| 000 -LEADER | |
|---|---|
| fixed length control field | 00440nam a22001337a 4500 |
| 005 - DATE AND TIME OF LATEST TRANSACTION | |
| control field | 20250714092659.0 |
| 008 - FIXED-LENGTH DATA ELEMENTS--GENERAL INFORMATION | |
| fixed length control field | 250714b |||||||| |||| 00| 0 eng d |
| 050 ## - LIBRARY OF CONGRESS CALL NUMBER | |
| Classification number | BT83 |
| Item number | .55.W64 WOM |
| 245 ## - TITLE STATEMENT | |
| Title | WOMEN,GENDER, AND CHRISTIAN COMMUNITY |
| Statement of responsibility, etc. | EDITED BY JANE DEMPSEY DOUGLASS, JAMES F. KAY |
| 260 ## - PUBLICATION, DISTRIBUTION, ETC. | |
| Place of publication, distribution, etc. | LOUISVILLE |
| Name of publisher, distributor, etc. | WESTMINSTER JOHN KNOCX PRESS |
| Date of publication, distribution, etc. | c1997 |
| 300 ## - PHYSICAL DESCRIPTION | |
| Extent | xiii, 150p |
| 700 ## - ADDED ENTRY--PERSONAL NAME | |
| Personal name | JANE DEMPSEY DOUGLASS, JAMES F. KAY |
| 942 ## - ADDED ENTRY ELEMENTS (KOHA) | |
| Source of classification or shelving scheme | Library of Congress Classification |
| Koha item type | Books |
| Suppress in OPAC | No |
| 999 ## - | |
| -- | 6951 |
| -- | 6951 |
| Withdrawn status | Lost status | Source of classification or shelving scheme | Damaged status | Not for loan | Collection | Home library | Current library | Shelving location | Date acquired | Total checkouts | Full call number | Barcode | Date last seen | Copy number | Price effective from | Koha item type |
|---|---|---|---|---|---|---|---|---|---|---|---|---|---|---|---|---|
| Library of Congress Classification | Non-fiction | Undergraduate Library (Christ Temple) | Undergraduate Library (Christ Temple) | General stacks | 07/14/2025 | BT83.55.W64 WOM | ulct00003827 | 07/14/2025 | 1 | 07/14/2025 | Books |